Countries in their Native Language - Statistics

General Stats
  • This quiz has been taken 28 times
  • The average score is 101 of 167
Answer Stats
Name in Native Language Answer % Correct
Argentina Argentina
95%
Côte d'Ivoire Ivory Coast
95%
Việt Nam Vietnam
95%
Guinée équatoriale Equatorial Guinea
90%
Guyane Guyana
90%
Italia Italy
90%
Sāmoa Samoa
90%
Afġānistān Afghanistan
81%
Andorra Andorra
81%
Colombia Colombia
81%
Costa Rica Costa Rica
81%
Cuba Cuba
81%
Danmark Denmark
81%
Honduras Honduras
81%
Mali Mali
81%
Venezuela Venezuela
81%
België Belgium
76%
Bénin Benin
76%
Brasil Brazil
76%
Brunei Brunei
76%
Cabo Verde Cape Verde
76%
Chile Chile
76%
Ecuador Ecuador
76%
eSwatini Eswatini
76%
France France
76%
Deutschland Germany
76%
Gana Ghana
76%
Īrān Iran
76%
Nippon Japan
76%
Kyrgyzstan Kyrgyzstan
76%
Lao Laos
76%
Latvija Latvia
76%
Liechtenstein Liechtenstein
76%
Mongol Uls Mongolia
76%
‘Umān Oman
76%
Pākistān Pakistan
76%
România Romania
76%
Rossiâ Russia
76%
Slovenija Slovenia
76%
Suriname Suriname
76%
Türkiye Turkey
76%
Uruguay Uruguay
76%
Bānglādesh Bangladesh
71%
Bielaruś Belarus
71%
Uburundi Burundi
71%
Jamhuri ya Kidemokrasia ya Kongo Democratic Republic of the Congo
71%
República Dominicana Dominican Republic
71%
Timor Lorosa'e East Timor
71%
El Salvador El Salvador
71%
Guatemala Guatemala
71%
Guiné-Bissau Guinea Bissau
71%
Ísland Iceland
71%
Indonesia Indonesia
71%
Qazaqstan Kazakhstan
71%
Kosova Kosovo
71%
Lëtzebuerg Luxembourg
71%
Malaŵi Malawi
71%
Malaysia Malaysia
71%
Myanma Myanmar
71%
Nederlân Netherlands
71%
Nicaragua Nicaragua
71%
Paraguái Paraguay
71%
Polska Poland
71%
Portugal Portugal
71%
Qaṭar Qatar
71%
Republíki ya Kongó Republic of the Congo
71%
San Marino San Marino
71%
Senegaal Senegal
71%
Srbija Serbia
71%
Slovensko Slovakia
71%
Türkmenistan Turkmenistan
71%
O‘zbekiston Uzbekistan
71%
Vanuatu Vanuatu
71%
Ngola Angola
67%
Azərbaycan Azerbaijan
67%
Bălgariya Bulgaria
67%
Burkina Faso Burkina Faso
67%
Ityop'ia Ethiopia
67%
République Gabonaise Gabon
67%
Êraq Iraq
67%
Éire Ireland
67%
Yisra'el Israel
67%
Maqedonia e Veriut Macedonia
67%
Madagasikara Madagascar
67%
Moçambique Mozambique
67%
Namibië Namibia
67%
Niger Niger
67%
Piruw Peru
67%
Solomon Aelan Solomon Islands
67%
iNingizimu Afrika South Africa
67%
Sri Lankā Sri Lanka
67%
Svizra Switzerland
67%
Tojikistan Tajikistan
67%
Ratcha-anachak Thai Thailand
67%
Togo Togo
67%
Tūns Tunisia
67%
Ukrajina Ukraine
67%
Österreich Austria
62%
Al-Baḥrayn Bahrain
62%
Bosna i Hercegovina Bosnia and Herzegovina
62%
Cameroun Cameroon
62%
Tšād Chad
62%
Ertra Eritrea
62%
Lībiyā Libya
62%
Mēxihco Mexico
62%
Moldova Moldova
62%
Nepāl Nepal
62%
Panamá Panama
62%
Pilipinas Philippines
62%
São Tomé e Príncipe Sao Tome and Principe
62%
Al-Mamlaka Al-‘Arabiyyah as Sa‘ūdiyyah Saudi Arabia
62%
As-Sudan Sudan
62%
Sverige Sweden
62%
Civitas Vaticana Vatican City
62%
Al-Yaman Yemen
62%
Kămpŭchéa Cambodia
57%
Eesti Estonia
57%
Suomi Finland
57%
Papua Niu Gini Papua New Guinea
57%
Espanha Spain
57%
Česko Czechia
52%
Gine Guinea
52%
Ayiti Haiti
52%
Liban Lebanon
52%
Lietuva Lithuania
52%
Aotearoa New Zealand
52%
Nàìjíríà Nigeria
52%
Suriyah Syria
52%
Al-’Imārat Al-‘Arabiyyah Al-Muttaḥidah United Arab Emirates
52%
Zhōnghuá Rénmín Gònghéguó China
48%
Hrvatska Croatia
48%
Viti Fiji
48%
Naoero Nauru
48%
Belau Palau
48%
Gabuuti Djibouti
43%
Misr Egypt
43%
Magyarország Hungary
43%
aş-Şūmāl Somalia
43%
Zhōnghuá Mínguó Taiwan
43%
Shqipëria Albania
38%
Ellada Greece
38%
Múnegu Monaco
38%
Kıbrıs Cyprus
33%
Bhārat India
33%
Bukchosŏn North Korea
33%
Hayastán Armenia
29%
Bêafrîka Central African Republic
29%
Al-’Urdun Jordan
29%
Crna Gora Montenegro
29%
Xīnjiāpō Singapore
29%
Sak'art'velo Georgia
24%
Moris Mauritius
24%
Dzayer Algeria
19%
il-ikwet Kuwait
19%
Dhivehi Raajje Maldives
19%
Namhan South Korea
19%
‘Amelika Hui Pū ‘ia United States of America
19%
Druk Yul Bhutan
14%
Wuliwya Bolivia
14%
Elmeɣrib Morocco
14%
Sesel Seychelles
14%
Ríocht Aontaithe United Kingdom
14%
Aorōkin Ṃajeḷ Marshall Islands
10%
Juzur al-Qamar Comoros
5%
Vuodna Norway
5%
Paguot Thudän South Sudan
5%
Agawec Mauritania
0%
No matching quizzes found
Score Distribution
Percent of People with Each Score
Percentile by Number Answered
Your Score History
You have not taken this quiz